[Event "XXVIII Festival Conca della Presolana A"]
[Site "Bratto - Castione della Presolana ITA"]
[Date "2008.08.30"]
[Round "9"]
[White "Vezzosi, Paolo"]
[Black "Vinzoni, Andrea"]
[Result "1-0"]
[WhiteElo "2352"]
[BlackElo "2062"]
[PlyCount "89"]
[EventDate "2008.08.22"]

1. d4 d5 2. c4 e6 3. Nc3 Nf6 4. Bg5 Be7 5. e3 O-O 6. Nf3 h6 7. Bh4 Ne4 8. Bxe7
Qxe7 9. Qb3 Rd8 10. Rc1 c6 11. Bd3 Nxc3 12. Qxc3 dxc4 13. Bxc4 Nd7 14. O-O c5
15. Rfd1 b6 16. Bb5 Bb7 17. Bxd7 Bxf3 18. gxf3 Rxd7 19. dxc5 Rxd1+ 20. Rxd1
bxc5 21. b3 Rc8 22. e4 Qg5+ 23. Kh1 Qh4 24. Rd2 Qf4 25. Qe3 Qe5 26. f4 Qa1+ 27.
Kg2 c4 28. Rc2 c3 29. Qc1 Qxc1 30. Rxc1 c2 31. Kf3 Rc3+ 32. Ke2 Kf8 33. Kd2 Rf3
34. Rxc2 Rxf2+ 35. Kd3 Rxc2 36. Kxc2 g5 37. fxg5 hxg5 38. e5 Ke7 39. Kc3 Kd7
40. b4 Kc6 41. Kc4 a6 42. h3 Kb6 43. a4 Kb7 44. Kc5 Kc7 45. a5 1-0

[Event "XXVIII Festival Conca della Presolana A"]
[Site "Bratto - Castione della Presolana ITA"]
[Date "2008.08.30"]
[Round "9"]
[White "Vocaturo, Daniele"]
[Black "Marholev, Dimitar"]
[Result "1-0"]
[WhiteElo "2417"]
[BlackElo "2366"]
[PlyCount "53"]
[EventDate "2008.08.22"]

1. e4 e5 2. Nf3 Nc6 3. Bb5 a6 4. Ba4 Nf6 5. O-O Be7 6. Re1 b5 7. Bb3 d6 8. c3
O-O 9. d4 Bg4 10. Be3 Bh5 11. Nbd2 d5 12. exd5 Nxd5 13. dxe5 Nxe5 14. Bd4 Nc6
15. Ne4 Bxf3 16. Qxf3 Nxd4 17. cxd4 Nf6 18. Ng3 Bb4 19. Re2 g6 20. h4 Bd6 21.
h5 Bxg3 22. hxg6 Bd6 23. gxf7+ Kh8 24. Rae1 Bb4 25. Re8 Nxe8 26. Rxe8 Qxe8 27.
Qf6# 1-0

[Event "XXVIII Festival Conca della Presolana A"]
[Site "Bratto - Castione della Presolana ITA"]
[Date "2008.08.30"]
[Round "9"]
[White "Zinani, Alessandro"]
[Black "Salami, Marco"]
[Result "1/2-1/2"]
[WhiteElo "2240"]
[BlackElo "2186"]
[PlyCount "76"]
[EventDate "2008.08.22"]

1. d4 f5 2. Bg5 g6 3. c4 Bg7 4. Nc3 Nf6 5. g3 d6 6. Nf3 Nbd7 7. Qb3 c6 8. Bg2
Qb6 9. O-O Qxb3 10. axb3 Ne4 11. Be3 Nxc3 12. bxc3 Nf6 13. h3 O-O 14. b4 Ne4
15. Ra3 Be6 16. c5 Bc4 17. Re1 h6 18. Nd2 Nxd2 19. Bxd2 d5 20. f4 Bf6 21. Bf3
a6 22. Kh2 Kf7 23. Raa1 Rg8 24. Rg1 e6 25. Be3 Bd8 26. Rgb1 Bc7 27. Bf2 Kf6 28.
e3 Rg7 29. Rb2 Rag8 30. Be1 g5 31. Rg2 Rh8 32. Kg1 Rhg8 33. Kh2 Bf1 34. Rc2 Bd3
35. Rg2 Bf1 36. Rc2 Bd3 37. Rg2 Bf1 38. Rf2 Bc4 1/2-1/2

[Event "XXVIII Festival Conca della Presolana A"]
[Site "Bratto - Castione della Presolana ITA"]
[Date "2008.08.30"]
[Round "9"]
[White "Zoldan, Matteo"]
[Black "Castelfranchi, Carlo"]
[Result "1-0"]
[WhiteElo "2203"]
[BlackElo "2088"]
[PlyCount "101"]
[EventDate "2008.08.22"]

1. d4 Nf6 2. c4 g6 3. f3 e5 4. dxe5 Nh5 5. g3 Nc6 6. Nc3 Nxe5 7. f4 Nc6 8. Bg2
Bc5 9. Ne4 Bb4+ 10. Bd2 Qe7 11. a3 Bxd2+ 12. Qxd2 O-O 13. Nc3 Qc5 14. Nd5 Qxc4
15. Rc1 Qd4 16. Qxd4 Nxd4 17. Rxc7 d6 18. Ne7+ Kg7 19. e3 Ne6 20. Rc3 Re8 21.
Nd5 Bd7 22. Ne2 Rac8 23. Kf2 Nf6 24. Nxf6 Kxf6 25. b4 Rxc3 26. Nxc3 Rc8 27. Rc1
Bc6 28. Nd5+ Kg7 29. Ne7 Rc7 30. Nxc6 bxc6 31. Rxc6 Rd7 32. Bf1 d5 33. Bh3 Rc7
34. Rxc7 Nxc7 35. Bg2 f5 36. Ke1 Nb5 37. a4 Na3 38. Kd2 Nc4+ 39. Kd3 Nb2+ 40.
Kd4 Nxa4 41. Bxd5 Kf6 42. Bb3 Nb6 43. Kc5 Ke7 44. Kc6 Kd8 45. Bg8 h6 46. Bf7 g5
47. Be6 gxf4 48. exf4 Ke7 49. Bxf5 Nc4 50. Bh3 a6 51. Bf1 1-0